[Event "Belgrade Radnicki IM 07"]
[Site "Belgrade"]
[Date "2024.07.30"]
[Round "8"]
[White "Xylogiannopoulos, Antonios"]
[Black "Mijailovic, Zoran"]
[Result "1/2-1/2"]
[WhiteElo "2206"]
[BlackElo "2293"]
[PlyCount "80"]
[EventDate "2024.07.23"]
[EventType "tourn"]
[EventRounds "9"]
[EventCountry "SRB"]
[SourceTitle "EXT 2025"]
[Source "ChessBase"]
[SourceDate "2024.10.14"]
[SourceVersion "1"]
[SourceVersionDate "2024.10.14"]
[SourceQuality "1"]

1. e4 c5 2. Nf3 e6 3. c3 Nf6 4. e5 Nd5 5. d4 cxd4 6. cxd4 b6 7. Nc3 Nxc3 8. bxc3 Qc7 9. Bd2 Be7 10. Bd3 Ba6 11. Bxa6 Nxa6 12. 0-0 0-0 13. Qa4 Qb7 14. Bg5 Bxg5 15. Nxg5 h6 16. Nf3 b5 17. Qc2 Nc7 18. a4 a6 19. Nd2 Nd5 20. Ne4 Qc6 21. Rfc1 Nb6 22. axb5 axb5 23. Nd6 Nc4 24. Nxc4 Qxc4 25. Qb2 Rxa1 26. Rxa1 Rc8 27. Rd1 Ra8 28. Ra1 Rc8 29. Rd1 Rc6 30. h3 d5 31. Rb1 h5 32. h4 Rc8 33. Qxb5 Qxb5 34. Rxb5 Rxc3 35. Rb1 Rd3 36. Rb4 Kh7 37. Kf1 g6 38. Ke2 Ra3 39. Rb7 Ra4 40. Ke3 Ra3+ 1/2-1/2

[Event "Belgrade Radnicki IM 07"]
[Site "Belgrade"]
[Date "2024.07.27"]
[Round "5"]
[White "Bharadia, Yash"]
[Black "Xylogiannopoulos, Antonios"]
[Result "1-0"]
[WhiteElo "2176"]
[BlackElo "2206"]
[PlyCount "49"]
[EventDate "2024.07.23"]
[EventType "tourn"]
[EventRounds "9"]
[EventCountry "SRB"]
[SourceTitle "EXT 2025"]
[Source "ChessBase"]
[SourceDate "2024.10.14"]
[SourceVersion "1"]
[SourceVersionDate "2024.10.14"]
[SourceQuality "1"]

1. e4 e5 2. Nf3 Nf6 3. Nxe5 d6 4. Nf3 Nxe4 5. Nc3 Nxc3 6. dxc3 Be7 7. Be3 0-0 8. Qd2 Nd7 9. 0-0-0 Nf6 10. Bd3 c5 11. Rhg1 Qa5 12. a3 b5 13. g4 Rb8 14. Rde1 Be6 15. Bh6 g6 16. Bf5 b4 17. cxb4 cxb4 18. Bxe6 fxe6 19. Bxf8 Bxf8 20. Rxe6 Bg7 21. Qxd6 Rd8 22. Qxb4 Qd5 23. Qb3 Bh6+ 24. g5 Bxg5+ 25. Nxg5 1-0

[Event "GRE-chT 51st"]
[Site "Trikala"]
[Date "2024.07.08"]
[Round "5.4"]
[White "Valsamis, Alexandros"]
[Black "Xylogiannopoulos, Antonios"]
[Result "1/2-1/2"]
[WhiteElo "1991"]
[BlackElo "2206"]
[PlyCount "112"]
[EventDate "2024.07.04"]
[EventType "team-swiss"]
[EventRounds "7"]
[EventCountry "GRE"]
[SourceTitle "CBM 221 Extra"]
[Source "ChessBase"]
[SourceDate "2024.09.30"]
[SourceVersion "1"]
[SourceVersionDate "2024.09.30"]
[SourceQuality "1"]
[WhiteTeam "Kerkyrae"]
[BlackTeam "Kallithea"]
[WhiteTeamCountry "GRE"]
[BlackTeamCountry "GRE"]

1. d4 d5 2. c4 e6 3. Nc3 h6 4. Nf3 Nf6 5. g3 Nc6 6. Bg2 Bd6 7. 0-0 0-0 8. c5 Be7 9. Bf4 g5 10. Be3 Ng4 11. Qd2 f5 12. Rad1 Rf7 13. a3 a5 14. h3 Nf6 15. Qc2 Qf8 16. Rb1 Ne4 17. Nxe4 fxe4 18. Ne5 Nxe5 19. dxe5 Qg7 20. Bd4 Bd7 21. b4 axb4 22. axb4 Bb5 23. Ra1 Rff8 24. Rxa8 Rxa8 25. Ra1 Rxa1+ 26. Bxa1 Bf8 27. f3 exf3 28. Bxf3 Qh7 29. Qxh7+ Kxh7 30. Kf2 Kg6 31. Ke3 Bg7 32. Bg4 Bd7 33. Bf3 h5 34. g4 h4 35. Kd4 Bb5 36. Bc3 Bf8 37. Bd2 Be7 38. Bc3 Kf7 39. Bd2 Ke8 40. Kc3 Kd7 41. Be3 Kc6 42. Kb3 Bc4+ 43. Ka4 Bb5+ 44. Kb3 Kd7 45. Bd4 Kc8 46. Be3 Kb8 47. Bd4 Ka7 48. Be3 Ka6 49. Bd4 Be8 50. Be3 Bb5 51. Bd4 Bd8 52. Be3 c6 53. Ka3 Bc4 54. Ka4 Ba2 55. Bd2 Bb1 56. Kb3 Bg6 1/2-1/2

[Event "Rilton Cup 51st"]
[Site "Stockholm"]
[Date "2024.01.04"]
[Round "8"]
[White "Xylogiannopoulos, Antonios"]
[Black "Lindberg, Bengt"]
[Result "1/2-1/2"]
[WhiteElo "2248"]
[BlackElo "2344"]
[PlyCount "131"]
[EventDate "2023.12.27"]
[EventType "swiss"]
[EventRounds "9"]
[EventCountry "SWE"]
[SourceTitle "CBM 218 Extra"]
[Source "ChessBase"]
[SourceDate "2024.03.31"]
[SourceVersion "1"]
[SourceVersionDate "2024.03.31"]
[SourceQuality "1"]

1. e4 c5 2. c3 Nf6 3. e5 Nd5 4. d4 cxd4 5. Nf3 e6 6. cxd4 d6 7. a3 Bd7 8. Bd3 Bc6 9. 0-0 Nd7 10. Re1 Rc8 11. Bd2 a6 12. Nc3 Nxc3 13. Bxc3 dxe5 14. Nxe5 Nxe5 15. dxe5 Qd5 16. Be4 Qxd1 17. Raxd1 Bxe4 18. Rxe4 Bxa3 19. bxa3 Rxc3 20. Rb4 Rxa3 21. Rxb7 0-0 22. h4 h5 23. Rdd7 Ra1+ 24. Kh2 Ra2 25. Kg1 g6 26. g3 Re2 27. Ra7 Rxe5 28. Rxa6 Rc8 29. Raa7 Rf5 30. Rac7 Rxc7 31. Rxc7 Kg7 32. Kg2 g5 33. hxg5 Rxg5 34. Kh3 Rf5 35. Kg2 Ra5 36. Rc8 Ra4 37. Rc5 Kg6 38. Rb5 Rg4 39. Kf3 f6 40. Rb8 Rg5 41. Rh8 Ra5 42. Kg2 e5 43. Rg8+ Kf7 44. Rh8 e4 45. Rb8 Ra2 46. Rb7+ Kg6 47. Re7 f5 48. Re8 Kf7 49. Re5 Kf6 50. Re8 Ra7 51. Rh8 Kg6 52. Re8 Ra6 53. Rg8+ Kf6 54. Kf1 Ra7 55. Rh8 Kg6 56. Kg2 Rg7 57. Kh3 Kg5 58. Ra8 h4 59. gxh4+ Kf4 60. Ra3 Rd7 61. Kg2 Rd3 62. Rxd3 exd3 63. Kf1 Kg4 64. Ke1 Kxh4 65. Kd2 Kg4 66. Kxd3 1/2-1/2

[Event "Rilton Cup 51st"]
[Site "Stockholm"]
[Date "2024.01.03"]
[Round "7"]
[White "Krishnan, Ritvik"]
[Black "Xylogiannopoulos, Antonios"]
[Result "1/2-1/2"]
[WhiteElo "2346"]
[BlackElo "2248"]
[PlyCount "76"]
[EventDate "2023.12.27"]
[EventType "swiss"]
[EventRounds "9"]
[EventCountry "SWE"]
[SourceTitle "CBM 218 Extra"]
[Source "ChessBase"]
[SourceDate "2024.03.31"]
[SourceVersion "1"]
[SourceVersionDate "2024.03.31"]
[SourceQuality "1"]

1. e4 e5 2. Nf3 Nf6 3. d4 Nxe4 4. Bd3 d5 5. Nxe5 Nd7 6. Nc3 Nxc3 7. bxc3 Nxe5 8. dxe5 c6 9. 0-0 Bc5 10. Qh5 Be6 11. Rb1 Qc7 12. Bg5 b6 13. Kh1 Be7 14. a4 g6 15. Qh4 Bxg5 16. Qxg5 Qe7 17. Qe3 0-0 18. f4 f5 19. h3 Qa3 20. Qe1 Qc5 21. h4 Rf7 22. Rf3 Qe7 23. Rh3 h5 24. Qe3 Rg7 25. Kg1 Rd8 26. Ba6 Rb8 27. Rb4 Kf7 28. Rg3 Rgg8 29. Rg5 Qc5 30. Qxc5 bxc5 31. Rb7+ Rxb7 32. Bxb7 Rb8 33. Bxc6 Rb1+ 34. Kh2 Rf1 35. Kg3 Rc1 36. Kh2 Rf1 37. Kg3 Rc1 38. Kh2 Rf1 1/2-1/2

[Event "GRE-chT 50th"]
[Site "Nikaia"]
[Date "2023.08.26"]
[Round "3.3"]
[White "Xylogiannopoulos, Antonios"]
[Black "Finokaliotis, Georgios"]
[Result "1/2-1/2"]
[WhiteElo "2255"]
[BlackElo "2110"]
[PlyCount "63"]
[EventDate "2023.08.25"]
[EventType "team"]
[EventRounds "9"]
[EventCountry "GRE"]
[SourceTitle "CBM 216 Extra"]
[Source "ChessBase"]
[SourceDate "2023.11.30"]
[SourceVersion "1"]
[SourceVersionDate "2023.11.30"]
[SourceQuality "1"]
[WhiteTeam "Kallitheas"]
[BlackTeam "Khalandrii"]
[WhiteTeamCountry "GRE"]
[BlackTeamCountry "GRE"]

1. e4 c6 2. d4 d5 3. exd5 cxd5 4. Bd3 Nc6 5. c3 Nf6 6. Bf4 Bg4 7. Qb3 Qd7 8. Nd2 e6 9. Ngf3 Bd6 10. Bxd6 Qxd6 11. 0-0 0-0 12. Rae1 Bxf3 13. Nxf3 Qc7 14. a3 Rab8 15. Qc2 Rfc8 16. Qe2 a6 17. Ne5 Nxe5 18. dxe5 Nd7 19. f4 Re8 20. Rf3 f5 21. exf6 Nxf6 22. Re3 Qxf4 23. Rxe6 Qc7 24. Qe3 Kf8 25. Qd4 Rxe6 26. Rxe6 Re8 27. Rxe8+ Kxe8 28. Qe3+ Kf7 29. g3 g6 30. Be2 Qd6 31. Bf3 Qc6 32. Qd4 1/2-1/2

[Event "Nepomuk-A"]
[Site "Nepomuk"]
[Date "2022.09.08"]
[Round "8"]
[White "Xylogiannopoulos, Antonios"]
[Black "Brejnik, Gustav"]
[Result "1-0"]
[WhiteElo "2234"]
[BlackElo "2295"]
[PlyCount "115"]
[EventDate "2022.09.01"]
[EventType "tourn"]
[EventRounds "9"]
[EventCountry "CZE"]
[SourceTitle "CBM 210 Extra"]
[Source "ChessBase"]
[SourceDate "2022.11.30"]
[SourceVersion "1"]
[SourceVersionDate "2022.11.30"]
[SourceQuality "1"]

1. e4 c6 2. d4 d5 3. exd5 cxd5 4. Bd3 Nf6 5. Bf4 Qb6 6. Nc3 Bd7 7. Nge2 e6 8. 0-0 a6 9. Qd2 Be7 10. h3 0-0 11. a3 Rc8 12. Rfe1 Be8 13. Bh2 Kh8 14. Qe3 Nc6 15. b3 Nxd4 16. Kh1 Qa7 17. Nxd5 Nxd5 18. Qxd4 Qxd4 19. Nxd4 Bc5 20. Nf3 Bxf2 21. Rf1 Be3 22. Rae1 Bf4 23. Bxf4 Nxf4 24. Be4 Rc7 25. Ne5 Ng6 26. Nc4 Bb5 27. Nb6 Re8 28. c4 Bc6 29. b4 Bxe4 30. Rxe4 Rd8 31. c5 Kg8 32. a4 a5 33. Rc1 Rd3 34. bxa5 Ne7 35. c6 bxc6 36. Nc4 Kf8 37. Rb1 Nd5 38. Ne5 Ra3 39. Rc4 Rc3 40. Rb8+ Ke7 41. Rxc3 Nxc3 42. a6 Kd6 43. Nc4+ Kc5 44. Rb7 Nd5 45. Nb6 Kd6 46. Nxd5 cxd5 47. a7 Rxb7 48. a8Q Rb1+ 49. Kh2 Ke5 50. a5 d4 51. a6 d3 52. a7 d2 53. Qb8+ Rxb8 54. axb8Q+ Ke4 55. Qb3 e5 56. Kg3 Kd4 57. Kf3 e4+ 58. Ke2 1-0

[Event "Nepomuk-A"]
[Site "Nepomuk"]
[Date "2022.09.07"]
[Round "7"]
[White "Sprenar, Petr"]
[Black "Xylogiannopoulos, Antonios"]
[Result "1/2-1/2"]
[WhiteElo "2244"]
[BlackElo "2234"]
[PlyCount "23"]
[EventDate "2022.09.01"]
[EventType "tourn"]
[EventRounds "9"]
[EventCountry "CZE"]
[SourceTitle "CBM 210 Extra"]
[Source "ChessBase"]
[SourceDate "2022.11.30"]
[SourceVersion "1"]
[SourceVersionDate "2022.11.30"]
[SourceQuality "1"]

1. d4 d5 2. c4 dxc4 3. Nf3 Nf6 4. e3 Bg4 5. Bxc4 e6 6. 0-0 a6 7. h3 Bh5 8. g4 Bg6 9. Ne5 Nbd7 10. Nxg6 hxg6 11. Kg2 Ne4 12. f4 1/2-1/2

[Event "Nepomuk-A"]
[Site "Nepomuk"]
[Date "2022.09.06"]
[Round "6"]
[White "Xylogiannopoulos, Antonios"]
[Black "Hausner, Ivan"]
[Result "1/2-1/2"]
[WhiteElo "2234"]
[BlackElo "2266"]
[PlyCount "49"]
[EventDate "2022.09.01"]
[EventType "tourn"]
[EventRounds "9"]
[EventCountry "CZE"]
[SourceTitle "CBM 210 Extra"]
[Source "ChessBase"]
[SourceDate "2022.11.30"]
[SourceVersion "1"]
[SourceVersionDate "2022.11.30"]
[SourceQuality "1"]

1. e4 c5 2. c3 d5 3. exd5 Qxd5 4. d4 e6 5. Nf3 Nf6 6. Na3 Qd8 7. Nc4 Nc6 8. Be3 cxd4 9. Nxd4 Nxd4 10. Bxd4 Be7 11. Bd3 0-0 12. Qe2 Qc7 13. 0-0 Qf4 14. Be5 Qh6 15. Rad1 b6 16. Nd6 Bd7 17. Qf3 Rad8 18. b3 Nd5 19. c4 Nb4 20. Bb1 Bc6 21. Qg3 Ba8 22. a3 Nc6 23. Bf4 Qh5 24. Bc2 g6 25. Be3 1/2-1/2

[Event "GRE-chT 49th"]
[Site "Thessaloniki"]
[Date "2022.08.13"]
[Round "3"]
[White "Xylogiannopoulos, Antonios"]
[Black "Sideris, Georgios"]
[Result "1/2-1/2"]
[WhiteElo "2260"]
[BlackElo "1946"]
[PlyCount "52"]
[EventDate "2022.08.12"]
[EventType "team-swiss"]
[EventRounds "7"]
[EventCountry "GRE"]
[SourceTitle "EXT 2024"]
[Source "ChessBase"]
[SourceDate "2023.10.10"]
[SourceVersion "1"]
[SourceVersionDate "2023.10.10"]
[SourceQuality "1"]
[WhiteTeam "Kallithea"]
[BlackTeam "Thessaloniki Sach"]
[WhiteTeamCountry "GRE"]
[BlackTeamCountry "GRE"]

1. e4 g6 2. d4 Bg7 3. c3 d6 4. Nf3 Nf6 5. Bd3 0-0 6. 0-0 Nc6 7. Nbd2 e5 8. dxe5 Nxe5 9. Nxe5 dxe5 10. Nc4 Nh5 11. Be2 Nf4 12. Bf3 Be6 13. Ne3 Nd3 14. Qc2 Nxc1 15. Rfxc1 c6 16. Rd1 Qe7 17. Be2 Rad8 18. a3 Bh6 19. Ng4 Bxg4 20. Bxg4 Rxd1+ 21. Rxd1 Rd8 22. a4 Qg5 23. Bd7 Qe7 24. Bg4 Qg5 25. Bd7 Qe7 26. Bg4 Qg5 1/2-1/2

[Event "GRE-chT 48th"]
[Site "Athens"]
[Date "2021.09.08"]
[Round "2.4"]
[White "Hristodoulou, Panagiotis"]
[Black "Xylogiannopoulos, Antonios"]
[Result "1/2-1/2"]
[WhiteElo "2291"]
[BlackElo "2250"]
[PlyCount "47"]
[EventDate "2021.09.07"]
[EventType "team-swiss"]
[EventRounds "7"]
[EventCountry "GRE"]
[SourceTitle "CBM 204 Extra"]
[Source "ChessBase"]
[SourceDate "2021.11.30"]
[SourceVersion "1"]
[SourceVersionDate "2021.11.30"]
[SourceQuality "1"]
[WhiteTeam "OFI"]
[BlackTeam "Kallytheas"]
[WhiteTeamCountry "GRE"]
[BlackTeamCountry "GRE"]

1. e4 c6 2. Nc3 g6 3. d4 Bg7 4. Nf3 d5 5. h3 dxe4 6. Nxe4 Nf6 7. Nxf6+ exf6 8. Bc4 0-0 9. 0-0 a5 10. a4 Nd7 11. c3 Nb6 12. Bb3 Re8 13. Re1 Bf5 14. Bf4 Nd5 15. Rxe8+ Qxe8 16. Bg3 Bh6 17. Bc2 Be6 18. Ne1 Qd7 19. Nd3 b6 20. Qf3 Bf5 21. Ne1 Be6 22. Nd3 Bf5 23. Ne1 Be6 24. Nd3 1/2-1/2

[Event "GRE-chT Online Rapid op 1st"]
[Site "Tornelo INT"]
[Date "2021.02.21"]
[Round "5.6"]
[White "Papageorgiou, Ioannis2"]
[Black "Xylogiannopoulos, Antonios"]
[Result "1-0"]
[WhiteElo "1903"]
[BlackElo "2250"]
[PlyCount "101"]
[EventDate "2021.02.20"]
[EventType "team-swiss (rapid)"]
[EventRounds "9"]
[EventCountry "GRE"]
[SourceTitle "EXT 2023"]
[Source "ChessBase"]
[SourceDate "2022.10.05"]
[SourceVersion "1"]
[SourceVersionDate "2022.10.05"]
[SourceQuality "1"]

1. e4 e6 2. d4 d5 3. Nc3 dxe4 4. Nxe4 Nf6 5. Bg5 Be7 6. Bxf6 gxf6 7. Nf3 f5 8. Ng3 c5 9. Nh5 Nc6 10. dxc5 Qxd1+ 11. Rxd1 Bxc5 12. Bb5 0-0 13. c3 Ne7 14. 0-0 a6 15. Bd7 Rd8 16. Ne5 Nd5 17. c4 Nb6 18. Rd3 Bxd7 19. Nxd7 Nxd7 20. Rfd1 Bb6 21. Rxd7 Rxd7 22. Rxd7 Rd8 23. Rxd8+ Bxd8 24. Kf1 Kf8 25. Ke2 Ke7 26. Kd3 Kd6 27. b4 e5 28. f3 Ke6 29. Ng3 Be7 30. a3 a5 31. c5 f4 32. Ne4 f5 33. Nc3 h5 34. Kc4 axb4 35. axb4 h4 36. h3 Bd8 37. Nd5 e4 38. Nxf4+ Ke5 39. Ne2 f4 40. fxe4 Kxe4 41. Nd4 Ke3 42. b5 Kf2 43. Ne6 Kxg2 44. Nxf4+ Kg3 45. Ne6 Ba5 46. c6 bxc6 47. bxc6 Kxh3 48. Kb5 Bc7 49. Nxc7 Kg2 50. Nd5 h3 51. Nf4+ 1-0

[Event "EU-ch Online U2300 Qual"]
[Site "Chess.com INT"]
[Date "2020.05.25"]
[Round "3"]
[White "Agrest, Inna"]
[Black "Xylogiannopoulos, Antonios"]
[Result "1-0"]
[WhiteElo "2284"]
[BlackElo "2267"]
[PlyCount "53"]
[EventDate "2020.05.25"]
[EventType "swiss"]
[EventRounds "8"]
[EventCountry "NET"]
[SourceTitle "EXT 2021"]
[Source "ChessBase"]
[SourceDate "2020.10.23"]
[SourceVersion "1"]
[SourceVersionDate "2020.10.23"]
[SourceQuality "1"]

1. e4 e6 2. d4 d5 3. Nc3 dxe4 4. Nxe4 Nf6 5. Bg5 Be7 6. Bxf6 gxf6 7. Nf3 f5 8. Nc3 a6 9. Qe2 0-0 10. 0-0-0 c6 11. g4 Qc7 12. gxf5 Qf4+ 13. Kb1 Qxf5 14. Ne5 Nd7 15. Qe3 Nxe5 16. dxe5 Kh8 17. Bd3 Qh5 18. Rhg1 f5 19. exf6 Bxf6 20. Ne4 Be7 21. Qg3 Qh6 22. Qc7 Bh4 23. Nd6 e5 24. Nf7+ Rxf7 25. Qxf7 Be6 26. Qxb7 Rc8 27. Bc4 1-0

[Event "Ef Agonizesthai rapid op 9th"]
[Site "Pyrgos"]
[Date "2019.08.17"]
[Round "4.5"]
[White "Xylogiannopoulos, Antonios"]
[Black "Stefanou, Konstantinos"]
[Result "1/2-1/2"]
[WhiteElo "2108"]
[BlackElo "1613"]
[PlyCount "63"]
[EventDate "2019.08.16"]
[EventType "swiss (rapid)"]
[EventRounds "9"]
[EventCountry "GRE"]
[SourceTitle "EXT 2020"]
[Source "ChessBase"]
[SourceDate "2019.10.17"]
[SourceVersion "1"]
[SourceVersionDate "2019.10.17"]
[SourceQuality "1"]

1. d4 d5 2. e3 Bf5 3. Bd3 Bxd3 4. Qxd3 c6 5. Nf3 Nf6 6. Nbd2 e6 7. 0-0 Nbd7 8. e4 dxe4 9. Nxe4 Nxe4 10. Qxe4 Nf6 11. Qe2 Be7 12. Rd1 0-0 13. c4 Qc7 14. Bg5 Rfd8 15. Rd3 b5 16. Rc1 Qb7 17. Rdc3 b4 18. Rd3 c5 19. Rcd1 cxd4 20. Rxd4 Rxd4 21. Rxd4 h6 22. Bh4 Rd8 23. Rxd8+ Bxd8 24. Qd3 Be7 25. b3 Qa6 26. Qc2 Qb7 27. Qd3 Qa6 28. Qc2 Qb7 29. Qd3 Qa6 30. Qc2 Qb7 31. Qd3 Qa6 32. Qc2 1/2-1/2

[Event "Heraklion Fischer Memorial 3rd"]
[Site "Heraklion"]
[Date "2018.01.08"]
[Round "7"]
[White "Xylogiannopoulos, Antonios"]
[Black "Martic, Ivan"]
[Result "1/2-1/2"]
[WhiteElo "2277"]
[BlackElo "2352"]
[PlyCount "57"]
[EventDate "2018.01.02"]
[EventType "tourn"]
[EventRounds "9"]
[EventCountry "GRE"]
[EventCategory "6"]
[SourceTitle "CBM 182 Extra"]
[Source "ChessBase"]
[SourceDate "2018.02.23"]
[SourceVersion "1"]
[SourceVersionDate "2018.02.23"]
[SourceQuality "1"]

1. e4 e5 2. Nf3 Nc6 3. Bb5 a6 4. Bxc6 dxc6 5. 0-0 Qd6 6. Na3 Be6 7. d4 exd4 8. Qxd4 Qxd4 9. Nxd4 Bd7 10. Nc4 0-0-0 11. Be3 Re8 12. Nd2 Ne7 13. Rfe1 g6 14. N4b3 b6 15. Bd4 Rg8 16. Nf3 h6 17. Bf6 c5 18. Ne5 Be6 19. Rad1 g5 20. Rd2 Ng6 21. Red1 Bd6 22. Nxg6 Rxg6 23. e5 Be7 24. Bxe7 Rxe7 25. Re2 Bxb3 26. axb3 Rge6 27. Rde1 f6 28. f4 Kd7 29. Kf2 1/2-1/2

[Event "Heraklion Fischer Memorial 3rd"]
[Site "Heraklion"]
[Date "2018.01.06"]
[Round "5"]
[White "Xylogiannopoulos, Antonios"]
[Black "Balokas, Dimitrios"]
[Result "1/2-1/2"]
[WhiteElo "2277"]
[BlackElo "2269"]
[PlyCount "25"]
[EventDate "2018.01.02"]
[EventType "tourn"]
[EventRounds "9"]
[EventCountry "GRE"]
[EventCategory "6"]
[SourceTitle "CBM 182 Extra"]
[Source "ChessBase"]
[SourceDate "2018.02.23"]
[SourceVersion "1"]
[SourceVersionDate "2018.02.23"]
[SourceQuality "1"]

1. e4 e5 2. Nf3 Nc6 3. Nc3 Nf6 4. d4 exd4 5. Nxd4 Bb4 6. Nxc6 bxc6 7. Bd3 0-0 8. 0-0 d5 9. exd5 cxd5 10. h3 c6 11. Qf3 Re8 12. Bf4 Qe7 13. a3 1/2-1/2

[Event "Heraklion Fischer Memorial 3rd"]
[Site "Heraklion"]
[Date "2018.01.04"]
[Round "3"]
[White "Xylogiannopoulos, Antonios"]
[Black "Nikolaidis, Ioannis"]
[Result "0-1"]
[WhiteElo "2277"]
[BlackElo "2534"]
[PlyCount "94"]
[EventDate "2018.01.02"]
[EventType "tourn"]
[EventRounds "9"]
[EventCountry "GRE"]
[EventCategory "6"]
[SourceTitle "CBM 182 Extra"]
[Source "ChessBase"]
[SourceDate "2018.02.23"]
[SourceVersion "1"]
[SourceVersionDate "2018.02.23"]
[SourceQuality "1"]

1. e4 e6 2. d4 d5 3. Nc3 Bb4 4. e5 c5 5. a3 Bxc3+ 6. bxc3 Nc6 7. Qg4 g6 8. Nf3 Qa5 9. Bd2 c4 10. Be2 Bd7 11. Qh4 h6 12. 0-0 Nge7 13. Rfb1 0-0-0 14. a4 Rdg8 15. g4 g5 16. Qg3 Ng6 17. Rb5 Qc7 18. h3 Kb8 19. Rbb1 Ka8 20. Kf1 Qd8 21. Be3 Rf8 22. Ke1 f6 23. exf6 Rxf6 24. Nxg5 hxg5 25. Bxg5 Qf8 26. Bxf6 Qxf6 27. Kd2 e5 28. dxe5 Ncxe5 29. Rh1 Bc6 30. f4 Nxf4 31. g5 Nxe2 32. Kxe2 Qf5 33. Kd2 Nf3+ 34. Kc1 Nxg5 35. Rg1 Nxh3 36. Rh1 Bd7 37. Kb2 Rc8 38. Raf1 Qe6 39. Qg7 Bxa4 40. Rf6 Qe4 41. Rf8 Qxc2+ 42. Ka1 Bd7 43. Rxc8+ Bxc8 44. Rxh3 Qd1+ 45. Kb2 Qe2+ 46. Ka3 Qc2 47. Kb4 Qb3+ 0-1

[Event "Anogia Capablanca 2nd"]
[Site "Anogia"]
[Date "2017.09.18"]
[Round "8"]
[White "Xylogiannopoulos, Antonios"]
[Black "Smirnov, Anton"]
[Result "1/2-1/2"]
[WhiteElo "2279"]
[BlackElo "2508"]
[PlyCount "91"]
[EventDate "2017.09.11"]
[EventType "tourn"]
[EventRounds "9"]
[EventCountry "GRE"]
[SourceTitle "CBM 180 Extra"]
[Source "ChessBase"]
[SourceDate "2017.10.06"]
[SourceVersion "1"]
[SourceVersionDate "2017.10.06"]
[SourceQuality "1"]

1. e4 c6 2. d4 d5 3. exd5 cxd5 4. Bd3 Nc6 5. c3 Qc7 6. Ne2 Bg4 7. f3 Bd7 8. Bf4 e5 9. Bg3 Bd6 10. Na3 a6 11. Nc2 f6 12. Ne3 Nge7 13. Bc2 Be6 14. 0-0 h5 15. h4 0-0-0 16. b4 g5 17. a4 f5 18. b5 f4 19. bxc6 Nxc6 20. Bh2 fxe3 21. hxg5 Rhg8 22. g6 h4 23. dxe5 Nxe5 24. Bxe5 Bxe5 25. f4 Bf6 26. Nd4 Bd7 27. Qd3 h3 28. g3 Rde8 29. Rae1 Re4 30. Rxe3 Rxg6 31. Kh2 Rg8 32. Rxe4 dxe4 33. Qxe4 Qxc3 34. Ne2 Qc5 35. Bb3 Re8 36. Qxe8+ Bxe8 37. Rc1 Qxc1 38. Nxc1 Bd7 39. Ne2 Kc7 40. Ng1 b5 41. axb5 axb5 42. Nxh3 Kc6 43. Nf2 Bd4 44. Kg2 Bf5 45. g4 Bxf2 46. gxf5 1/2-1/2

[Event "GRE-chT 45th"]
[Site "Achaia"]
[Date "2017.07.05"]
[Round "4.2"]
[White "Saric, Ivan"]
[Black "Xylogiannopoulos, Antonios"]
[Result "1-0"]
[WhiteElo "2621"]
[BlackElo "2295"]
[PlyCount "61"]
[EventDate "2017.07.03"]
[EventType "team-swiss"]
[EventRounds "7"]
[EventCountry "GRE"]
[SourceTitle "CBM 179 Extra"]
[Source "ChessBase"]
[SourceDate "2017.08.23"]
[SourceVersion "1"]
[SourceVersionDate "2017.08.23"]
[SourceQuality "1"]
[WhiteTeam "Kavalas CN"]
[BlackTeam "Three Stars 89"]
[WhiteTeamCountry "GRE"]
[BlackTeamCountry "GRE"]

1. e4 d5 2. exd5 Qxd5 3. Nc3 Qd6 4. d4 Nf6 5. Nf3 c6 6. Be3 Bf5 7. Nh4 Bg4 8. Qd2 e6 9. h3 Bh5 10. g4 Bg6 11. 0-0-0 Nbd7 12. Kb1 Qc7 13. Nxg6 hxg6 14. g5 Nh5 15. Ne4 Nb6 16. Be2 Nd5 17. Bxh5 Rxh5 18. c4 Nxe3 19. Qxe3 Rh4 20. Rhe1 Qf4 21. d5 Qxe3 22. Rxe3 0-0-0 23. d6 c5 24. b4 b6 25. bxc5 bxc5 26. Kc2 Kd7 27. f3 Rxh3 28. Ra3 Ke8 29. Rxa7 Rxf3 30. Rh1 Rf4 31. Rh8 1-0

[Event "GRE-chT 45th"]
[Site "Achaia"]
[Date "2017.07.04"]
[Round "2.5"]
[White "Xylogiannopoulos, Antonios"]
[Black "Kofidis, Andreas"]
[Result "1/2-1/2"]
[WhiteElo "2295"]
[BlackElo "2381"]
[PlyCount "73"]
[EventDate "2017.07.03"]
[EventType "team-swiss"]
[EventRounds "7"]
[EventCountry "GRE"]
[SourceTitle "CBM 179 Extra"]
[Source "ChessBase"]
[SourceDate "2017.08.23"]
[SourceVersion "1"]
[SourceVersionDate "2017.08.23"]
[SourceQuality "1"]
[WhiteTeam "Three Stars 89"]
[BlackTeam "Panionios GA"]
[WhiteTeamCountry "GRE"]
[BlackTeamCountry "GRE"]

1. e4 e5 2. Nf3 Nc6 3. Bc4 Nf6 4. d4 exd4 5. e5 d5 6. Bb5 Ne4 7. Nxd4 Bd7 8. Bxc6 bxc6 9. 0-0 Be7 10. f3 Nc5 11. f4 Ne4 12. Nd2 c5 13. Nxe4 cxd4 14. Ng3 Bc5 15. f5 Bb5 16. Rf4 g6 17. b4 Be7 18. Qxd4 Bc4 19. Bb2 c5 20. bxc5 Rc8 21. Qf2 Bxc5 22. Bd4 Qb6 23. c3 Bxd4 24. cxd4 Bd3 25. fxg6 hxg6 26. Rf6 Rc6 27. Rd1 Rxf6 28. exf6 Bc4 29. Qf4 Kd8 30. Re1 Re8 31. Rxe8+ Kxe8 32. Qe5+ Kd7 33. Qe7+ Kc6 34. Qe8+ Kd6 35. Qe7+ Kc6 36. Qe8+ Kd6 37. Qe7+ 1/2-1/2